| 000 | 00682nam a2200193Ia 4500 | ||
|---|---|---|---|
| 003 | LDD | ||
| 008 | 190117s9999 xx 000 0 und d | ||
| 020 |
_a9789382114680 _c₹200 |
||
| 040 | _cLDD | ||
| 041 | _ahi | ||
| 082 | _a8H1.71 म6576ना | ||
| 100 | _aमल्होत्रा, लीना | ||
| 245 | 0 |
_aनाव डूबने से नहीं डरती _cलीना मल्होत्रा |
|
| 260 |
_aनयी दिल्ली _bकिताबघर प्रकाशन _c2016 |
||
| 300 | _a120 | ||
| 901 | _aKGP | ||
| 904 | _aReqst by : jitendra kumar srivasta | ||
| 942 |
_2ddc _cH |
||
| 999 |
_c165928 _d165928 |
||